| 000 | 00460nam a22001697a 4500 | ||
|---|---|---|---|
| 003 | NUST - PNEC | ||
| 005 | 20170116180853.0 | ||
| 008 | 150827b xxu||||| |||| 00| 0 eng d | ||
| 020 | _a0849302439 | ||
| 040 | _cLIBRARY | ||
| 082 | _a620.00151535 DES | ||
| 100 |
_95825 _aDesai, S. Chandrakant |
||
| 245 |
_a Introductory finite element method _cChandrakant, S,Desai |
||
| 260 | _cc 2001 | ||
| 650 |
_95826 _aFinite element method _xGernal |
||
| 942 |
_2ddc _cBK |
||
| 999 |
_c64700 _d64700 |
||